| 000 | 00631nam a22002171 4500 | ||
|---|---|---|---|
| 001 | 20320 | ||
| 003 | CZ PrNK | ||
| 005 | 20260121123603.0 | ||
| 008 | 020307s1949 xo slo | ||
| 040 |
_aABA001 _bcze _cABA001 _dABA001 |
||
| 100 | 1 |
_aHorynová, Anna, _d1898-1976 _4aut |
|
| 245 | 1 | 0 |
_aKonzervujeme zeleninu jednoducho a lacno / _cAnna Horynová |
| 250 | _a1. vyd. | ||
| 260 |
_aBratislava : _bOráč, _c1949 _e(Komárno : _fPravda) |
||
| 300 |
_a111, 6 s. ; _c8° |
||
| 490 | 1 |
_aRoľnícka knižnica ; _vSv. 30 |
|
| 500 | _aIlustrováno | ||
| 830 | 0 | _aRoľnícka knižnica | |
| 910 | _aABA001 | ||
| 942 |
_2ddc _cOLDO _n0 |
||
| 999 |
_c20320 _d20320 |
||